LEADER 02394nam 2200553 a 450 001 9910454912903321 005 20200520144314.0 010 $a1-68015-376-5 010 $a0-87335-314-5 035 $a(CKB)1000000000821563 035 $a(EBL)464585 035 $a(OCoLC)609845975 035 $a(SSID)ssj0000457329 035 $a(PQKBManifestationID)11328442 035 $a(PQKBTitleCode)TC0000457329 035 $a(PQKBWorkID)10429439 035 $a(PQKB)11025276 035 $a(MiAaPQ)EBC464585 035 $a(Au-PeEL)EBL464585 035 $a(CaPaEBR)ebr10742682 035 $a(EXLCZ)991000000000821563 100 $a19990809d1999 uy 0 101 0 $aeng 135 $aur|n|---||||| 181 $ctxt 182 $cc 183 $acr 200 10$aConstruction contract administration$b[electronic resource] /$fCharles S. Phillips 210 $aLittleton, Colo. $cSociety for Mining, Metallurgy, and Exploration$dc1999 215 $a1 online resource (209 p.) 300 $aDescription based upon print version of record. 311 $a0-87335-191-6 320 $aIncludes bibliographical references and index. 327 $apt. 1. Contract production -- pt. 2. Contract administration -- pt. 3. Case studies and information systems -- pt. 4. Appendices. 330 $aStudents, contractors, foremen, superintendents and managers, project managers and engineers, site and contract administrators and managers, owner's representatives, and others associated with the industry will find this book current and useful. It is designed to serve as a guide and general reference for the subjects that must be considered in the production and site management of a construction contract. The book is divided into three parts. Part 1 deals with the selection, production, and assembly of the elements required for a construction contract. Part 2 reviews the basics for a reasonab 606 $aConstruction contracts 606 $aConstruction industry$xManagement 608 $aElectronic books. 615 0$aConstruction contracts. 615 0$aConstruction industry$xManagement. 676 $a692/.8 700 $aPhillips$b Charles S.$f1924-$0879032 801 0$bMiAaPQ 801 1$bMiAaPQ 801 2$bMiAaPQ 906 $aBOOK 912 $a9910454912903321 996 $aConstruction contract administration$91963042 997 $aUNINA